000
00220nam a22000857a 4500
008
161020b xxu||||| |||| 00| 0 eng d
100
_9
898
_a
Nehemiah.A.
245
_a
Surprise Gifts
260
_a
New Delhi
_b
CBT Publications
_c
2011
999
_c
3552
_d
3552